000 00858cam a2200277 4500
001 ABS63135
008 000000n2000 000 0 eng u
035 _a(Sirsi) u109637
245 _aRegional survey: Staffordshire & Shropshire
260 _c2000
490 _aProperty Week
_v65(44) 10 November 2000, 77-82(5)
590 _aABS
650 _aSTAFFORDSHIRE
650 _aSHROPSHIRE
650 _aPROPERTY-COMMERCIAL PROPERTY-OFFICE PROPERTY-OFFICE PROPERTY MARKET
650 _aINDUSTRIAL MARKET
650 _aPROPERTY-COMMERCIAL PROPERTY-RETAIL PROPERTY-RETAIL PROPERTY MARKET
650 _aSTOKE-ON-TRENT
650 _aSHOPPING CENTRES
650 _aPOTTERIES
650 _aSHREWSBURY
650 _aSPECULATIVE DEVELOPMENT
650 _aTELFORD
690 _aPROPERTY-COMMERCIAL PROPERTY-COMMERCIAL PROPERTY MARKET
942 _n0
999 _c65455
_d65455